Every Manchester United Player Since 2000 - Statistics

General Stats
  • This quiz has been taken 553 times
    535 since last reset
  • The average score is 482 of 744
Answer Stats
% Correct
2022/23 GK Spain David de Gea 58
99%
2021/22 GK Spain David de Gea 46
99%
2020/21 GK Spain David de Gea 36
99%
2019/20 GK Spain David de Gea 43
99%
2018/19 GK Spain David de Gea 47
99%
2017/18 GK Spain David de Gea 46
99%
2016/17 GK Spain David de Gea 45
99%
2015/16 GK Spain David de Gea 49
99%
2014/15 GK Spain David de Gea 43
99%
2013/14 GK Spain David de Gea 52
99%
2012/13 GK Spain David de Gea 41
99%
2011/12 GK Spain David de Gea 39
99%
2022/23 ST Portugal Cristiano Ronaldo 16 3
98%
2021/22 ST Portugal Cristiano Ronaldo 38 24
98%
2008/09 ST Portugal Cristiano Ronaldo 53 26
98%
2007/08 ST Portugal Cristiano Ronaldo 49 42
98%
2006/07 ST Portugal Cristiano Ronaldo 53 23
98%
2005/06 ST Portugal Cristiano Ronaldo 47 12
98%
2004/05 ST Portugal Cristiano Ronaldo 50 9
98%
2003/04 ST Portugal Cristiano Ronaldo 40 6
98%
2022/23 AM Portugal Bruno Fernandes 59 14
97%
2021/22 AM Portugal Bruno Fernandes 46 10
97%
2020/21 AM Portugal Bruno Fernandes 58 28
97%
2019/20 AM Portugal Bruno Fernandes 22 12
97%
2022/23 LW England Marcus Rashford 56 30
97%
2021/22 LW England Marcus Rashford 32 5
97%
2020/21 LW England Marcus Rashford 57 21
97%
2019/20 LW England Marcus Rashford 44 22
97%
2018/19 LW England Marcus Rashford 47 13
97%
2017/18 LW England Marcus Rashford 52 13
97%
2016/17 LW England Marcus Rashford 53 11
97%
2015/16 LW England Marcus Rashford 18 8
97%
2022/23 CB England Harry Maguire 31
95%
2021/22 CB England Harry Maguire 37 2
95%
2020/21 CB England Harry Maguire 52 2
95%
2019/20 CB England Harry Maguire 55 3
95%
2022/23 ST France Anthony Martial 29 9
94%
2021/22 ST France Anthony Martial 11 1
94%
2020/21 ST France Anthony Martial 36 7
94%
2019/20 ST France Anthony Martial 48 23
94%
2018/19 ST France Anthony Martial 38 12
94%
2017/18 ST France Anthony Martial 45 11
94%
2016/17 ST France Anthony Martial 42 8
94%
2015/16 ST France Anthony Martial 49 17
94%
2022/23 LB England Luke Shaw 47 1
94%
2021/22 LB England Luke Shaw 27
94%
2020/21 LB England Luke Shaw 47 1
94%
2019/20 LB England Luke Shaw 33 1
94%
2018/19 LB England Luke Shaw 40 1
94%
2017/18 LB England Luke Shaw 19
94%
2016/17 LB England Luke Shaw 19
94%
2015/16 LB England Luke Shaw 8
94%
2014/15 LB England Luke Shaw 20
94%
2022/23 DM Brazil Casemiro 51 7
93%
2022/23 CB Sweden Victor Lindelof 35
93%
2021/22 CB Sweden Victor Lindelof 35
93%
2020/21 CB Sweden Victor Lindelof 45 1
93%
2019/20 CB Sweden Victor Lindelof 47 1
93%
2018/19 CB Sweden Victor Lindelof 40 1
93%
2017/18 CB Sweden Victor Lindelof 29
93%
2016/17 ST England Wayne Rooney 39 8
93%
2015/16 ST England Wayne Rooney 41 15
93%
2014/15 ST England Wayne Rooney 37 14
93%
2013/14 ST England Wayne Rooney 40 19
93%
2012/13 ST England Wayne Rooney 37 16
93%
2011/12 ST England Wayne Rooney 43 34
93%
2010/11 ST England Wayne Rooney 40 16
93%
2009/10 ST England Wayne Rooney 44 34
93%
2008/09 ST England Wayne Rooney 49 20
93%
2007/08 ST England Wayne Rooney 43 18
93%
2006/07 ST England Wayne Rooney 55 23
93%
2005/06 ST England Wayne Rooney 48 19
93%
2004/05 ST England Wayne Rooney 43 17
93%
2022/23 RW Brazil Antony 44 8
92%
2022/23 CM Denmark Christian Eriksen 44 2
92%
2022/23 DM Scotland Scott McTominay 39 3
92%
2021/22 DM Scotland Scott McTominay 37 2
92%
2020/21 DM Scotland Scott McTominay 49 7
92%
2019/20 DM Scotland Scott McTominay 37 5
92%
2018/19 DM Scotland Scott McTominay 22 2
92%
2017/18 DM Scotland Scott McTominay 23
92%
2016/17 DM Scotland Scott McTominay 2
92%
2021/22 CM France Paul Pogba 27 1
91%
2020/21 CM France Paul Pogba 42 6
91%
2019/20 CM France Paul Pogba 22 1
91%
2018/19 CM France Paul Pogba 47 16
91%
2017/18 CM France Paul Pogba 37 6
91%
2016/17 CM France Paul Pogba 51 9
91%
2011/12 CM France Paul Pogba 7
91%
2008/09 AM England Lee Martin 1
90%
2007/08 AM England Lee Martin 1
90%
2005/06 AM England Lee Martin 1
90%
2022/23 CB Argentina Lisandro Martinez 45 1
90%
2013/14 LM Wales Ryan Giggs 22
90%
2012/13 LM Wales Ryan Giggs 32 5
90%
2011/12 LM Wales Ryan Giggs 33 4
90%
2010/11 LM Wales Ryan Giggs 38 4
90%
2009/10 LM Wales Ryan Giggs 32 7
90%
2008/09 LM Wales Ryan Giggs 47 4
90%
2007/08 LM Wales Ryan Giggs 43 4
90%
2006/07 LM Wales Ryan Giggs 44 6
90%
2005/06 LM Wales Ryan Giggs 37 4
90%
2004/05 LM Wales Ryan Giggs 44 8
90%
2003/04 LM Wales Ryan Giggs 47 8
90%
2002/03 LM Wales Ryan Giggs 59 15
90%
2001/02 LM Wales Ryan Giggs 40 9
90%
2000/01 LM Wales Ryan Giggs 45 7
90%
2018/19 RB Ecuador Antonio Valencia 9
89%
2017/18 RB Ecuador Antonio Valencia 39 3
89%
2016/17 RB Ecuador Antonio Valencia 43 1
89%
2015/16 RB Ecuador Antonio Valencia 22
89%
2014/15 RB Ecuador Antonio Valencia 35
89%
2013/14 RB Ecuador Antonio Valencia 44 4
89%
2012/13 RB Ecuador Antonio Valencia 40 1
89%
2011/12 RB Ecuador Antonio Valencia 38 6
89%
2010/11 RB Ecuador Antonio Valencia 20 3
89%
2009/10 RB Ecuador Antonio Valencia 49 7
89%
2013/14 CB Serbia Nemanja Vidic 34 2
89%
2012/13 CB Serbia Nemanja Vidic 23 1
89%
2011/12 CB Serbia Nemanja Vidic 10
89%
2010/11 CB Serbia Nemanja Vidic 47 5
89%
2009/10 CB Serbia Nemanja Vidic 33 1
89%
2008/09 CB Serbia Nemanja Vidic 55 7
89%
2007/08 CB Serbia Nemanja Vidic 45 1
89%
2006/07 CB Serbia Nemanja Vidic 38 4
89%
2005/06 CB Serbia Nemanja Vidic 15
89%
2022/23 RB Portugal Diogo Dalot 42 2
88%
2021/22 RB Portugal Diogo Dalot 30
88%
2020/21 RB Portugal Diogo Dalot 1
88%
2019/20 RB Portugal Diogo Dalot 11 1
88%
2018/19 RB Portugal Diogo Dalot 23
88%
2010/11 GK Netherlands Edwin van der Sar 46
88%
2009/10 GK Netherlands Edwin van der Sar 29
88%
2008/09 GK Netherlands Edwin van der Sar 49
88%
2007/08 GK Netherlands Edwin van der Sar 44
88%
2006/07 GK Netherlands Edwin van der Sar 47
88%
2005/06 GK Netherlands Edwin van der Sar 51
88%
2022/23 CM Brazil Fred 56 6
88%
2021/22 CM Brazil Fred 36 4
88%
2020/21 CM Brazil Fred 48 1
88%
2019/20 CM Brazil Fred 48 2
88%
2018/19 CM Brazil Fred 25 1
88%
2021/22 DM Serbia Nemanja Matic 32
88%
2020/21 DM Serbia Nemanja Matic 36
88%
2019/20 DM Serbia Nemanja Matic 34 1
88%
2018/19 DM Serbia Nemanja Matic 38 1
88%
2017/18 DM Serbia Nemanja Matic 49 2
88%
2012/13 CM England Paul Scholes 21 1
88%
2011/12 CM England Paul Scholes 21 4
88%
2010/11 CM England Paul Scholes 33 1
88%
2009/10 CM England Paul Scholes 38 7
88%
2008/09 CM England Paul Scholes 35 3
88%
2007/08 CM England Paul Scholes 34 2
88%
2006/07 CM England Paul Scholes 45 7
88%
2005/06 CM England Paul Scholes 27 3
88%
2004/05 CM England Paul Scholes 49 12
88%
2003/04 CM England Paul Scholes 40 14
88%
2002/03 CM England Paul Scholes 52 20
88%
2001/02 CM England Paul Scholes 51 9
88%
2000/01 CM England Paul Scholes 45 12
88%
2022/23 CB France Raphael Varane 34
88%
2021/22 CB France Raphael Varane 29 1
88%
2021/22 AM Spain Juan Mata 12
87%
2020/21 AM Spain Juan Mata 18 3
87%
2019/20 AM Spain Juan Mata 37 3
87%
2018/19 AM Spain Juan Mata 32 6
87%
2017/18 AM Spain Juan Mata 40 3
87%
2016/17 AM Spain Juan Mata 42 10
87%
2015/16 AM Spain Juan Mata 54 10
87%
2014/15 AM Spain Juan Mata 35 10
87%
2013/14 AM Spain Juan Mata 15 6
87%
2013/14 CB England Rio Ferdinand 23
87%
2012/13 CB England Rio Ferdinand 34 1
87%
2011/12 CB England Rio Ferdinand 38
87%
2010/11 CB England Rio Ferdinand 29
87%
2009/10 CB England Rio Ferdinand 21
87%
2008/09 CB England Rio Ferdinand 43
87%
2007/08 CB England Rio Ferdinand 51 3
87%
2006/07 CB England Rio Ferdinand 49 1
87%
2005/06 CB England Rio Ferdinand 52 3
87%
2004/05 CB England Rio Ferdinand 42
87%
2003/04 CB England Rio Ferdinand 27
87%
2002/03 CB England Rio Ferdinand 46
87%
2014/15 ST Netherlands Robin van Persie 29 10
87%
2013/14 ST Netherlands Robin van Persie 28 18
87%
2012/13 ST Netherlands Robin van Persie 48 30
87%
2022/23 LW Argentina Alejandro Garnacho 34 5
86%
2021/22 LW Argentina Alejandro Garnacho 2
86%
2021/22 ST Uruguay Edinson Cavani 20 2
86%
2020/21 ST Uruguay Edinson Cavani 39 17
86%
2013/14 LB France Patrice Evra 45 3
86%
2012/13 LB France Patrice Evra 42 4
86%
2011/12 LB France Patrice Evra 47
86%
2010/11 LB France Patrice Evra 48 1
86%
2009/10 LB France Patrice Evra 51
86%
2008/09 LB France Patrice Evra 48
86%
2007/08 LB France Patrice Evra 48
86%
2006/07 LB France Patrice Evra 36 2
86%
2005/06 LB France Patrice Evra 14
86%
2018/19 ST Belgium Romelu Lukaku 45 15
86%
2017/18 ST Belgium Romelu Lukaku 51 27
86%
2017/18 ST Sweden Zlatan Ibrahimovic 7 1
86%
2016/17 ST Sweden Zlatan Ibrahimovic 46 28
86%
2015/16 ST Mexico Javier Hernandez 3
85%
2014/15 ST Mexico Javier Hernandez 2
85%
2013/14 ST Mexico Javier Hernandez 35 9
85%
2012/13 ST Mexico Javier Hernandez 36 18
85%
2011/12 ST Mexico Javier Hernandez 36 12
85%
2010/11 ST Mexico Javier Hernandez 45 20
85%
2011/12 ST Bulgaria Dimitar Berbatov 21 9
84%
2010/11 ST Bulgaria Dimitar Berbatov 42 21
84%
2009/10 ST Bulgaria Dimitar Berbatov 43 12
84%
2008/09 ST Bulgaria Dimitar Berbatov 43 14
84%
2010/11 RB England Gary Neville 4
84%
2009/10 RB England Gary Neville 28
84%
2008/09 RB England Gary Neville 29
84%
2007/08 RB England Gary Neville 1
84%
2006/07 RB England Gary Neville 33
84%
2005/06 RB England Gary Neville 37
84%
2004/05 RB England Gary Neville 35 1
84%
2003/04 RB England Gary Neville 43 2
84%
2002/03 RB England Gary Neville 44 1
84%
2001/02 RB England Gary Neville 51
84%
2000/01 RB England Gary Neville 49 1
84%
2014/15 LW Portugal Nani 1
84%
2013/14 LW Portugal Nani 13 1
84%
2012/13 LW Portugal Nani 21 3
84%
2011/12 LW Portugal Nani 40 10
84%
2010/11 LW Portugal Nani 49 10
84%
2009/10 LW Portugal Nani 34 7
84%
2008/09 LW Portugal Nani 31 6
84%
2007/08 LW Portugal Nani 41 4
84%
2011/12 AM South Korea Park Ji-sung 28 3
84%
2010/11 AM South Korea Park Ji-sung 28 8
84%
2009/10 AM South Korea Park Ji-sung 26 4
84%
2008/09 AM South Korea Park Ji-sung 40 4
84%
2007/08 AM South Korea Park Ji-sung 18 1
84%
2006/07 AM South Korea Park Ji-sung 20 5
84%
2005/06 AM South Korea Park Ji-sung 44 3
84%
2021/22 CB England Phil Jones 5
84%
2019/20 CB England Phil Jones 8 1
84%
2018/19 CB England Phil Jones 24
84%
2017/18 CB England Phil Jones 25
84%
2016/17 CB England Phil Jones 26
84%
2015/16 CB England Phil Jones 13
84%
2014/15 CB England Phil Jones 24
84%
2013/14 CB England Phil Jones 39 3
84%
2012/13 CB England Phil Jones 24
84%
2011/12 CB England Phil Jones 41 2
84%
2005/06 DM Ireland Roy Keane 6
84%
2004/05 DM Ireland Roy Keane 43 2
84%
2003/04 DM Ireland Roy Keane 38 3
84%
2002/03 DM Ireland Roy Keane 32
84%
2001/02 DM Ireland Roy Keane 43 4
84%
2000/01 DM Ireland Roy Keane 44 3
84%
2022/23 RB England Aaron Wan-Bissaka 34
83%
2021/22 RB England Aaron Wan-Bissaka 26
83%
2020/21 RB England Aaron Wan-Bissaka 54 2
83%
2019/20 RB England Aaron Wan-Bissaka 46
83%
2006/07 CM England David Jones 2
83%
2004/05 CM England David Jones 2
83%
2017/18 DM England Michael Carrick 5
83%
2016/17 DM England Michael Carrick 38 1
83%
2015/16 DM England Michael Carrick 42
83%
2014/15 DM England Michael Carrick 20 1
83%
2013/14 DM England Michael Carrick 40 1
83%
2012/13 DM England Michael Carrick 46 2
83%
2011/12 DM England Michael Carrick 41 2
83%
2010/11 DM England Michael Carrick 44
83%
2009/10 DM England Michael Carrick 44 5
83%
2008/09 DM England Michael Carrick 43 4
83%
2007/08 DM England Michael Carrick 49 2
83%
2006/07 DM England Michael Carrick 52 6
83%
2014/15 CB England Michael Keane 2
83%
2012/13 CB England Michael Keane 2
83%
2011/12 CB England Michael Keane 1
83%
2004/05 RB England Phil Neville 34
83%
2003/04 RB England Phil Neville 42 1
83%
2002/03 RB England Phil Neville 43 2
83%
2001/02 RB England Phil Neville 38 2
83%
2000/01 RB England Phil Neville 38 1
83%
2006/07 CM England Ritchie Jones 1
83%
2005/06 CM England Ritchie Jones 4
83%
2015/16 ST Ireland Will Keane 2
83%
2011/12 ST Ireland Will Keane 1
83%
2021/22 CB Ivory Coast Eric Bailly 7
82%
2020/21 CB Ivory Coast Eric Bailly 21
82%
2019/20 CB Ivory Coast Eric Bailly 11
82%
2018/19 CB Ivory Coast Eric Bailly 18
82%
2017/18 CB Ivory Coast Eric Bailly 18 1
82%
2016/17 CB Ivory Coast Eric Bailly 38
82%
2014/15 CB Northern Ireland Jonny Evans 17
82%
2013/14 CB Northern Ireland Jonny Evans 25 2
82%
2012/13 CB Northern Ireland Jonny Evans 30 4
82%
2011/12 CB Northern Ireland Jonny Evans 40 1
82%
2010/11 CB Northern Ireland Jonny Evans 21
82%
2009/10 CB Northern Ireland Jonny Evans 28
82%
2008/09 CB Northern Ireland Jonny Evans 34
82%
2007/08 CB Northern Ireland Jonny Evans 3
82%
2018/19 ST Chile Alexis Sanchez 27 2
81%
2017/18 ST Chile Alexis Sanchez 18 3
81%
2022/23 LW England Jadon Sancho 41 7
80%
2021/22 LW England Jadon Sancho 38 5
80%
2018/19 CM Belgium Marouane Fellaini 21 2
80%
2017/18 CM Belgium Marouane Fellaini 23 5
80%
2016/17 CM Belgium Marouane Fellaini 47 4
80%
2015/16 CM Belgium Marouane Fellaini 34 4
80%
2014/15 CM Belgium Marouane Fellaini 31 7
80%
2013/14 CM Belgium Marouane Fellaini 21
80%
2021/22 RW Wales Daniel James 2
78%
2020/21 RW Wales Daniel James 26 5
78%
2019/20 RW Wales Daniel James 46 4
78%
2002/03 RM England David Beckham 52 11
78%
2001/02 RM England David Beckham 43 16
78%
2000/01 RM England David Beckham 46 9
78%
2014/15 LB England Reece James 1
78%
2005/06 ST Netherlands Ruud van Nistelrooy 47 24
78%
2004/05 ST Netherlands Ruud van Nistelrooy 27 16
78%
2003/04 ST Netherlands Ruud van Nistelrooy 44 30
78%
2002/03 ST Netherlands Ruud van Nistelrooy 52 44
78%
2001/02 ST Netherlands Ruud van Nistelrooy 49 36
78%
2021/22 AM England Jesse Lingard 22 2
77%
2020/21 AM England Jesse Lingard 3
77%
2019/20 AM England Jesse Lingard 40 4
77%
2018/19 AM England Jesse Lingard 36 5
77%
2017/18 AM England Jesse Lingard 48 13
77%
2016/17 AM England Jesse Lingard 42 5
77%
2015/16 AM England Jesse Lingard 40 6
77%
2014/15 AM England Jesse Lingard 1
77%
2022/23 CM Austria Marcel Sabitzer 18 3
77%
2019/20 CB Argentina Marcos Rojo 9
77%
2018/19 CB Argentina Marcos Rojo 6
77%
2017/18 CB Argentina Marcos Rojo 12
77%
2016/17 CB Argentina Marcos Rojo 41 1
77%
2015/16 CB Argentina Marcos Rojo 28
77%
2014/15 CB Argentina Marcos Rojo 26 1
77%
2008/09 SS Argentina Carlos Tevez 51 15
76%
2007/08 SS Argentina Carlos Tevez 48 19
76%
2022/23 CM Netherlands Donny van de Beek 10
76%
2021/22 CM Netherlands Donny van de Beek 14 1
76%
2020/21 CM Netherlands Donny van de Beek 36 1
76%
2018/19 RB Italy Matteo Darmian 7
76%
2017/18 RB Italy Matteo Darmian 17
76%
2016/17 RB Italy Matteo Darmian 29
76%
2015/16 RB Italy Matteo Darmian 39 1
76%
2014/15 RW Argentina Angel Di Maria 32 4
75%
2017/18 CM Armenia Henrikh Mkhitaryan 22 2
75%
2016/17 CM Armenia Henrikh Mkhitaryan 41 11
75%
2014/15 RB Brazil Rafael 11
75%
2013/14 RB Brazil Rafael 29
75%
2012/13 RB Brazil Rafael 40 3
75%
2011/12 RB Brazil Rafael 18
75%
2010/11 RB Brazil Rafael 28
75%
2009/10 RB Brazil Rafael 16 1
75%
2008/09 RB Brazil Rafael 28 1
75%
2019/20 GK Argentina Sergio Romero 17
75%
2018/19 GK Argentina Sergio Romero 6
75%
2017/18 GK Argentina Sergio Romero 10
75%
2016/17 GK Argentina Sergio Romero 18
75%
2015/16 GK Argentina Sergio Romero 10
75%
2022/23 LB Netherlands Tyrell Malacia 39
75%
2019/20 RB England Ashley Young 18 1
74%
2018/19 RB England Ashley Young 41 2
74%
2017/18 RB England Ashley Young 38 2
74%
2016/17 RB England Ashley Young 23
74%
2015/16 RB England Ashley Young 26 1
74%
2014/15 RB England Ashley Young 29 2
74%
2013/14 RB England Ashley Young 30 3
74%
2012/13 RB England Ashley Young 23
74%
2011/12 RB England Ashley Young 33 8
74%
2018/19 CB England Chris Smalling 34 1
74%
2017/18 CB England Chris Smalling 46 4
74%
2016/17 CB England Chris Smalling 36 2
74%
2015/16 CB England Chris Smalling 55 2
74%
2014/15 CB England Chris Smalling 29 4
74%
2013/14 CB England Chris Smalling 38 2
74%
2012/13 CB England Chris Smalling 22
74%
2011/12 CB England Chris Smalling 30 2
74%
2010/11 CB England Chris Smalling 33 1
74%
2018/19 CM Spain Ander Herrera 28 3
73%
2017/18 CM Spain Ander Herrera 39 2
73%
2016/17 CM Spain Ander Herrera 50 2
73%
2015/16 CM Spain Ander Herrera 41 5
73%
2014/15 CM Spain Ander Herrera 31 8
73%
2014/15 CM Brazil Anderson 2
73%
2013/14 CM Brazil Anderson 8
73%
2012/13 CM Brazil Anderson 26 2
73%
2011/12 CM Brazil Anderson 16 2
73%
2010/11 CM Brazil Anderson 30 4
73%
2009/10 CM Brazil Anderson 23 1
73%
2008/09 CM Brazil Anderson 38
73%
2007/08 CM Brazil Anderson 38
73%
2022/23 LW Sweden Anthony Elanga 26
73%
2021/22 LW Sweden Anthony Elanga 27 3
73%
2020/21 LW Sweden Anthony Elanga 2 1
73%
2017/18 LB Netherlands Daley Blind 17 1
73%
2016/17 LB Netherlands Daley Blind 39 1
73%
2015/16 LB Netherlands Daley Blind 56 2
73%
2014/15 LB Netherlands Daley Blind 29 2
73%
2014/15 CM Scotland Darren Fletcher 12
73%
2013/14 CM Scotland Darren Fletcher 18
73%
2012/13 CM Scotland Darren Fletcher 10 1
73%
2011/12 CM Scotland Darren Fletcher 10 2
73%
2010/11 CM Scotland Darren Fletcher 37 3
73%
2009/10 CM Scotland Darren Fletcher 41 5
73%
2008/09 CM Scotland Darren Fletcher 42 4
73%
2007/08 CM Scotland Darren Fletcher 24 2
73%
2006/07 CM Scotland Darren Fletcher 40 3
73%
2005/06 CM Scotland Darren Fletcher 41 1
73%
2004/05 CM Scotland Darren Fletcher 30 3
73%
2003/04 CM Scotland Darren Fletcher 35
73%
2002/03 CM Scotland Darren Fletcher 2
73%
2010/11 CB Ireland John O'Shea 33
73%
2009/10 CB Ireland John O'Shea 19 1
73%
2008/09 CB Ireland John O'Shea 54 2
73%
2007/08 CB Ireland John O'Shea 38
73%
2006/07 CB Ireland John O'Shea 49 5
73%
2005/06 CB Ireland John O'Shea 47 2
73%
2004/05 CB Ireland John O'Shea 37 3
73%
2003/04 CB Ireland John O'Shea 49 2
73%
2002/03 CB Ireland John O'Shea 52
73%
2001/02 CB Ireland John O'Shea 13
73%
2000/01 CB Ireland John O'Shea 2
73%
2006/07 ST Norway Ole Gunnar Solskjaer 32 11
73%
2005/06 ST Norway Ole Gunnar Solskjaer 5
73%
2003/04 ST Norway Ole Gunnar Solskjaer 19 1
73%
2002/03 ST Norway Ole Gunnar Solskjaer 57 15
73%
2001/02 ST Norway Ole Gunnar Solskjaer 47 25
73%
2000/01 ST Norway Ole Gunnar Solskjaer 47 13
73%
2016/17 CM Germany Bastian Schweinsteiger 4 1
72%
2015/16 CM Germany Bastian Schweinsteiger 31 1
72%
2016/17 ST Netherlands Memphis Depay 8
72%
2015/16 ST Netherlands Memphis Depay 45 7
72%
2002/03 GK France Fabien Barthez 46
71%
2001/02 GK France Fabien Barthez 49
71%
2000/01 GK France Fabien Barthez 44
71%
2021/22 RW England Mason Greenwood 24 6
71%
2020/21 RW England Mason Greenwood 52 12
71%
2019/20 RW England Mason Greenwood 49 17
71%
2018/19 RW England Mason Greenwood 4
71%
2014/15 AM Japan Shinji Kagawa 1
71%
2013/14 AM Japan Shinji Kagawa 30
71%
2012/13 AM Japan Shinji Kagawa 26 6
71%
2001/02 ST England Andrew Cole 15 5
69%
2000/01 ST England Andrew Cole 31 13
69%
2014/15 ST England Danny Welbeck 3
69%
2013/14 ST England Danny Welbeck 36 10
69%
2012/13 ST England Danny Welbeck 40 2
69%
2011/12 ST England Danny Welbeck 39 12
69%
2009/10 ST England Danny Welbeck 11 2
69%
2008/09 ST England Danny Welbeck 13 3
69%
2011/12 RM England Larnell Cole 1
69%
2014/15 ST Colombia Radamel Falcao 29 4
69%
2022/23 ST Netherlands Wout Weghorst 31 2
69%
2021/22 LB Brazil Alex Telles 26 1
67%
2020/21 LB Brazil Alex Telles 24
67%
2021/22 RW Ivory Coast Amad Diallo 1
67%
2020/21 RW Ivory Coast Amad Diallo 8 1
67%
2021/22 GK England Dean Henderson 3
67%
2020/21 GK England Dean Henderson 26
67%
2010/11 CB England Wes Brown 15 1
67%
2009/10 CB England Wes Brown 29
67%
2008/09 CB England Wes Brown 13 1
67%
2007/08 CB England Wes Brown 52 1
67%
2006/07 CB England Wes Brown 37
67%
2005/06 CB England Wes Brown 31
67%
2004/05 CB England Wes Brown 37 1
67%
2003/04 CB England Wes Brown 25
67%
2002/03 CB England Wes Brown 35 1
67%
2001/02 CB England Wes Brown 24
67%
2000/01 CB England Wes Brown 41
67%
2001/02 ST Trinidad & Tobago Dwight Yorke 16 1
65%
2000/01 ST Trinidad & Tobago Dwight Yorke 38 12
65%
2013/14 RB Brazil Fabio 3 1
64%
2011/12 RB Brazil Fabio 15
64%
2010/11 RB Brazil Fabio 25 2
64%
2009/10 RB Brazil Fabio 11
64%
2008/09 RB Brazil Fabio 2
64%
2005/06 GK United States Tim Howard 6
64%
2004/05 GK United States Tim Howard 27
64%
2003/04 GK United States Tim Howard 44
64%
2004/05 ST Uruguay Diego Forlan 3
62%
2003/04 ST Uruguay Diego Forlan 31 8
62%
2002/03 ST Uruguay Diego Forlan 45 9
62%
2001/02 ST Uruguay Diego Forlan 18
62%
2002/03 CM Argentina Juan Sebastian Veron 42 6
62%
2001/02 CM Argentina Juan Sebastian Veron 40 5
62%
2011/12 ST England Michael Owen 4 3
62%
2010/11 ST England Michael Owen 17 5
62%
2009/10 ST England Michael Owen 31 9
62%
2015/16 RW Belgium Adnan Januzaj 7 1
61%
2014/15 RW Belgium Adnan Januzaj 21
61%
2013/14 RW Belgium Adnan Januzaj 35 4
61%
2022/23 RW Uruguay Facundo Pellistri 10
61%
2016/17 DM France Morgan Schneiderlin 8
61%
2015/16 DM France Morgan Schneiderlin 39 1
61%
2020/21 ST Nigeria Odion Ighalo 4
61%
2019/20 ST Nigeria Odion Ighalo 19 5
61%
2022/23 GK Slovakia Martin Dubravka 2
60%
2019/20 AM Brazil Andreas Pereira 40 2
59%
2018/19 AM Brazil Andreas Pereira 22 1
59%
2015/16 AM Brazil Andreas Pereira 11 1
59%
2014/15 AM Brazil Andreas Pereira 2
59%
2007/08 ST France Louis Saha 24 5
59%
2006/07 ST France Louis Saha 34 13
59%
2005/06 ST France Louis Saha 30 15
59%
2004/05 ST France Louis Saha 22 2
59%
2003/04 ST France Louis Saha 14 7
59%
2001/02 CB Netherlands Jaap Stam 2
58%
2000/01 CB Netherlands Jaap Stam 23
58%
2017/18 GK Portugal Joel Pereira 1
58%
2016/17 GK Portugal Joel Pereira 2
58%
2007/08 LB France Mikael Silvestre 6
57%
2006/07 LB France Mikael Silvestre 21 1
57%
2005/06 LB France Mikael Silvestre 48 1
57%
2004/05 LB France Mikael Silvestre 50 2
57%
2003/04 LB France Mikael Silvestre 46 3
57%
2002/03 LB France Mikael Silvestre 54 1
57%
2001/02 LB France Mikael Silvestre 51 1
57%
2000/01 LB France Mikael Silvestre 47 1
57%
2000/01 ST England Teddy Sheringham 43 21
57%
2007/08 CB Spain Gerard Pique 13 2
56%
2005/06 CB Spain Gerard Pique 7
56%
2004/05 CB Spain Gerard Pique 3
56%
2003/04 CM England Nicky Butt 34 2
56%
2002/03 CM England Nicky Butt 29
56%
2001/02 CM England Nicky Butt 37 1
56%
2000/01 CM England Nicky Butt 41 4
56%
2014/15 CM England Tom Cleverley 1
54%
2013/14 CM England Tom Cleverley 31 1
54%
2012/13 CM England Tom Cleverley 32 4
54%
2011/12 CM England Tom Cleverley 15
54%
2022/23 GK England Tom Heaton 2
54%
2021/22 GK England Tom Heaton 1
54%
2022/23 LB England Brandon Williams 1
53%
2020/21 LB England Brandon Williams 14
53%
2019/20 LB England Brandon Williams 36 1
53%
2021/22 AM Tunisia Hannibal Mejbri 2
52%
2020/21 AM Tunisia Hannibal Mejbri 1
52%
2022/23 CM England Kobbie Mainoo 3
52%
2001/02 LB Ireland Denis Irwin 23
50%
2000/01 LB Ireland Denis Irwin 30 2
50%
2012/13 SS Italy Federico Macheda 3
50%
2011/12 SS Italy Federico Macheda 6 1
50%
2010/11 SS Italy Federico Macheda 12 1
50%
2009/10 SS Italy Federico Macheda 10 1
50%
2008/09 SS Italy Federico Macheda 5 2
50%
2006/07 CB Argentina Gabriel Heinze 38 1
50%
2005/06 CB Argentina Gabriel Heinze 6 2
50%
2004/05 CB Argentina Gabriel Heinze 39 1
50%
2002/03 CB France Laurent Blanc 29 1
50%
2001/02 CB France Laurent Blanc 46 3
50%
2013/14 GK Denmark Anders Lindegaard 3
47%
2012/13 GK Denmark Anders Lindegaard 13
47%
2011/12 GK Denmark Anders Lindegaard 11
47%
2010/11 GK Denmark Anders Lindegaard 2
47%
2006/07 CM England Alan Smith 18 1
46%
2005/06 CM England Alan Smith 33 1
46%
2004/05 CM England Alan Smith 42 10
46%
2010/11 DM England Owen Hargreaves 1
46%
2009/10 DM England Owen Hargreaves 1
46%
2008/09 DM England Owen Hargreaves 3
46%
2007/08 DM England Owen Hargreaves 34 2
46%
2006/07 ST Sweden Henrik Larsson 13 3
44%
2013/14 RW Ivory Coast Wilfried Zaha 4
44%
2010/11 LW Cape Verde Bebe 7 2
42%
2020/21 CB England Axel Tuanzebe 19
41%
2019/20 CB England Axel Tuanzebe 10
41%
2017/18 CB England Axel Tuanzebe 3
41%
2016/17 CB England Axel Tuanzebe 5
41%
2020/21 RB Netherlands Timothy Fosu-Mensah 3
41%
2019/20 RB Netherlands Timothy Fosu-Mensah 6
41%
2016/17 RB Netherlands Timothy Fosu-Mensah 11
41%
2015/16 RB Netherlands Timothy Fosu-Mensah 10
41%
2014/15 GK Spain Victor Valdes 2
39%
2015/16 ST England James Wilson 2
38%
2014/15 ST England James Wilson 17 2
38%
2013/14 ST England James Wilson 1 2
38%
2010/11 GK Poland Tomasz Kuszczak 10
38%
2009/10 GK Poland Tomasz Kuszczak 14
38%
2008/09 GK Poland Tomasz Kuszczak 8
38%
2007/08 GK Poland Tomasz Kuszczak 16
38%
2006/07 GK Poland Tomasz Kuszczak 13
38%
2021/22 CM Iraq Zidane Iqbal 1
38%
2011/12 CM Ireland Darron Gibson 2
36%
2010/11 CM Ireland Darron Gibson 20 2
36%
2009/10 CM Ireland Darron Gibson 23 5
36%
2008/09 CM Ireland Darron Gibson 14 3
36%
2005/06 CM Ireland Darron Gibson 1
36%
2004/05 CM South Africa Quinton Fortune 33 1
36%
2003/04 CM South Africa Quinton Fortune 36 2
36%
2002/03 CM South Africa Quinton Fortune 16
36%
2001/02 CM South Africa Quinton Fortune 19 1
36%
2000/01 CM South Africa Quinton Fortune 11 2
36%
2005/06 ST Italy Giuseppe Rossi 12 4
35%
2004/05 ST Italy Giuseppe Rossi 2
35%
2004/05 GK Northern Ireland Roy Carroll 34
35%
2003/04 GK Northern Ireland Roy Carroll 12
35%
2002/03 GK Northern Ireland Roy Carroll 16
35%
2001/02 GK Northern Ireland Roy Carroll 10
35%
2013/14 LB Netherlands Alexander Buttner 15
34%
2012/13 LB Netherlands Alexander Buttner 13 2
34%
2004/05 DM Cameroon Eric Djemba-Djemba 17
33%
2003/04 DM Cameroon Eric Djemba-Djemba 22 2
33%
2019/20 RW Netherlands Tahith Chong 12
33%
2018/19 RW Netherlands Tahith Chong 4
33%
2009/10 GK England Ben Foster 13
32%
2008/09 GK England Ben Foster 9
32%
2007/08 GK England Ben Foster 1
32%
2003/04 ST England Eddie Johnson 1
31%
2001/02 CB Norway Ronny Johnsen 19 1
31%
2000/01 CB Norway Ronny Johnsen 17 1
31%
2019/20 CM England Angel Gomes 6
30%
2018/19 CM England Angel Gomes 2
30%
2017/18 CM England Angel Gomes 1
30%
2016/17 CM England Angel Gomes 1
30%
2010/11 RW France Gabriel Obertan 14 1
30%
2009/10 RW France Gabriel Obertan 13
30%
2015/16 LB England Cameron Borthwick-Jackson 14
29%
2004/05 CM Brazil Kleberson 14
29%
2003/04 CM Brazil Kleberson 16 2
29%
2019/20 GK England Lee Grant 1
28%
2018/19 GK England Lee Grant 1
28%
2011/12 ST Senegal Mame Biram Diouf 3
28%
2009/10 ST Senegal Mame Biram Diouf 6 1
28%
2015/16 CB Northern Ireland Paddy McNair 9
28%
2014/15 CB Northern Ireland Paddy McNair 18
28%
2015/16 RB Uruguay Guillermo Varela 11
27%
2009/10 RB Belgium Ritchie De Laet 5
26%
2008/09 RB Belgium Ritchie De Laet 1
26%
2006/07 LB England Kieran Richardson 24 3
24%
2005/06 LB England Kieran Richardson 36 6
24%
2004/05 LB England Kieran Richardson 9 1
24%
2003/04 LB England Kieran Richardson 3
24%
2002/03 LB England Kieran Richardson 9 1
24%
2004/05 ST France David Bellion 18 5
23%
2003/04 ST France David Bellion 22 3
23%
2000/01 RB Norway Henning Berg 1
23%
2015/16 AM England Nick Powell 2
23%
2014/15 AM England Nick Powell 1
23%
2012/13 AM England Nick Powell 6 1
23%
2019/20 DM England James Garner 6
22%
2018/19 DM England James Garner 1
22%
2012/13 ST Norway Joshua King 1
22%
2009/10 ST Norway Joshua King 1
22%
2021/22 RW England Shola Shoretire 2
22%
2020/21 RW Netherlands Shola Shoretire 3
22%
2007/08 ST China Dong Fangzhuo 2
21%
2006/07 ST China Dong Fangzhuo 1
21%
2001/02 GK Netherlands Raimond van der Gouw 2
21%
2000/01 GK Netherlands Raimond van der Gouw 15
21%
2014/15 LB England Tyler Blackett 12
21%
2011/12 GK England Ben Amos 4
20%
2010/11 GK England Ben Amos 2
20%
2008/09 GK England Ben Amos 1
20%
2021/22 DM Wales Charlie Savage 1
20%
2002/03 CB England David May 4
20%
2001/02 CB England David May 3
20%
2000/01 CB England David May 2
20%
2006/07 DM England Kieran Lee 3 1
20%
2011/12 AM Jamaica Ravel Morrison 2
20%
2010/11 AM Jamaica Ravel Morrison 1
20%
2009/10 RW Serbia Zoran Tosic 2
20%
2008/09 RW Serbia Zoran Tosic 3
20%
2021/22 CB England Teden Mengi 1
19%
2019/20 CB England Teden Mengi 1
19%
2007/08 RW England Chris Eagles 6
17%
2006/07 RW England Chris Eagles 2 1
17%
2004/05 RW England Chris Eagles 7
17%
2003/04 RW England Chris Eagles 2
17%
2007/08 RB England Danny Simpson 8
16%
2008/09 ST England Fraizer Campbell 2
16%
2007/08 ST England Fraizer Campbell 2
16%
2016/17 AM England Josh Harrop 1 1
16%
2005/06 CM Ireland Liam Miller 3 1
15%
2004/05 CM Ireland Liam Miller 19 1
15%
2008/09 ST Angola Manucho 3
15%
2007/08 RB Scotland Phil Bardsley 1
15%
2005/06 RB Scotland Phil Bardsley 15
15%
2003/04 RB Scotland Phil Bardsley 2
15%
2016/17 LB England Demetri Mitchell 1
14%
2002/03 AM England Luke Chadwick 5
14%
2001/02 AM England Luke Chadwick 11
14%
2000/01 AM England Luke Chadwick 21 2
14%
2015/16 RB Scotland Donald Love 2
13%
2002/03 GK Spain Ricardo 5
13%
2008/09 CM Italy Rodrigo Possebon 8
13%
2020/21 CB England Will Fish 1
13%
2022/23 ST England Charlie McNeill 1
12%
2019/20 CB Jamaica Di'Shon Bernard 1
12%
2004/05 CB United States Jonathan Spector 8
12%
2006/07 CB England Ryan Shawcross 2
12%
2019/20 CM Northern Ireland Ethan Galbraith 1
11%
2000/01 CM England Jonathan Greening 11
11%
2012/13 LM Ireland Robbie Brady 1
11%
2019/20 LW Belgium Largie Ramazani 1
10%
2002/03 CM Scotland Michael Stewart 4
10%
2001/02 CM Scotland Michael Stewart 5
10%
2000/01 CM Scotland Michael Stewart 5
10%
2014/15 RB Gambia Saidy Janko 1
10%
2013/14 LW Wales Tom Lawrence 1
10%
2001/02 LW Sweden Bojan Djordjic 1
9%
2000/01 LW Sweden Bojan Djordjic 1
9%
2006/07 RB Scotland David Gray 1
9%
2000/01 ST Northern Ireland David Healy 2
9%
2019/20 CM Wales Dylan Levitt 1
9%
2019/20 RB England Ethan Laird 2
9%
2015/16 CB Wales Regan Poole 1
9%
2001/02 CM England Ronnie Wallwork 3
9%
2000/01 CM England Ronnie Wallwork 16
9%
2005/06 LB England Adam Eckersley 1
8%
2000/01 GK Scotland Andy Goram 2
8%
2003/04 ST Wales Daniel Nardiello 1
8%
2002/03 ST Wales Daniel Nardiello 2
8%
2001/02 ST Wales Daniel Nardiello 1
8%
2015/16 CM England James Weir 1
8%
2001/02 LW England Jimmy Davis 1
8%
2014/15 LB Belgium Marnick Vermijl 1
8%
2012/13 LB Belgium Marnick Vermijl 1
8%
2008/09 RB England Richard Eckersley 4
8%
2002/03 ST England Danny Webber 1
7%
2001/02 ST England Danny Webber 1
7%
2000/01 ST England Danny Webber 1
7%
2001/02 RB England Mike Clegg 1
7%
2000/01 RB England Mike Clegg 2
7%
2003/04 LB Ireland Paul Tierney 1
7%
2012/13 CM England Ryan Tunnicliffe 2
7%
2005/06 ST England Sylvan Ebanks-Blake 1 1
7%
2004/05 ST England Sylvan Ebanks-Blake 1
7%
2014/15 CB England Tom Thorpe 1
7%
2003/04 LB England Danny Pugh 2
6%
2002/03 LB England Danny Pugh 5
6%
2019/20 ST England D'Mani Mellor 1
6%
2011/12 LB England Ezekiel Fryers 6
6%
2008/09 CB Wales James Chester 1
6%
2015/16 DM England Joe Riley 2
6%
2002/03 RB England Lee Roche 2
6%
2001/02 RB England Lee Roche 1
6%
2002/03 SS Denmark Mads Timm 1
6%
2002/03 RB England Mark Lynch 1
6%
2006/07 LM England Michael Barnes 1
6%
2000/01 GK England Paul Rachubka 2
6%
2006/07 ST England Phil Marsh 1
6%
2012/13 CB England Scott Wootton 4
6%
No matching quizzes found
Score Distribution
Percent of People with Each Score
Percentile by Number Answered
Your Score History
You have not taken this quiz since the last reset